<?xml version="1.0" encoding="UTF-8"?>
<record
    xmlns:xsi="http://www.w3.org/2001/XMLSchema-instance"
    xsi:schemaLocation="http://www.loc.gov/MARC21/slim http://www.loc.gov/standards/marcxml/schema/MARC21slim.xsd"
    xmlns="http://www.loc.gov/MARC21/slim">

  <leader>02761nam a2200349   4500</leader>
  <controlfield tag="001">ESSALUD</controlfield>
  <controlfield tag="005">20260703163126.0</controlfield>
  <controlfield tag="007">ta</controlfield>
  <controlfield tag="008">      t        pe ||||| |||| 00| 0 spa d</controlfield>
  <datafield tag="040" ind1=" " ind2=" ">
    <subfield code="a">BMG</subfield>
  </datafield>
  <datafield tag="041" ind1=" " ind2=" ">
    <subfield code="a">spa</subfield>
  </datafield>
  <datafield tag="100" ind1=" " ind2=" ">
    <subfield code="a">Lara Arnao, Ruth </subfield>
    <subfield code="e">Autor</subfield>
    <subfield code="9">53314</subfield>
  </datafield>
  <datafield tag="245" ind1=" " ind2=" ">
    <subfield code="a">El retiro de confianza frente a la protecci&#xF3;n laboral de la trabajadora gestante</subfield>
  </datafield>
  <datafield tag="246" ind1=" " ind2=" ">
    <subfield code="a">Withdrawal of trust in relation to the labor protection of pregnant workers</subfield>
  </datafield>
  <datafield tag="300" ind1=" " ind2=" ">
    <subfield code="a">p&#xE1;ginas 127-144</subfield>
  </datafield>
  <datafield tag="520" ind1=" " ind2=" ">
    <subfield code="a">En el presente trabajo la autora analiza la relaci&#xF3;n entre el retiro de confianza
y la protecci&#xF3;n reforzada de la trabajadora gestante a partir de la sentencia del
Tribunal Constitucional reca&#xED;da en el Expediente N&#xBA; 00297-2020-PA/TC. El estudio examina
los l&#xED;mites del retiro de confianza cuando su aplicaci&#xF3;n puede encubrir actos de
discriminaci&#xF3;n por raz&#xF3;n de embarazo. Asimismo, se revisa el marco normativo y jurisprudencial
relativo al despido nulo por gestaci&#xF3;n y la carga probatoria del empleador
para acreditar una causa objetiva distinta al estado de gravidez. Se concluye que la protecci&#xF3;n
constitucional de la maternidad prevalece incluso frente a cargos de confianza
cuando el cese carece de justificaci&#xF3;n objetiva.
</subfield>
  </datafield>
  <datafield tag="520" ind1=" " ind2=" ">
    <subfield code="a">In this paper, the author analyzes the relationship between the withdrawal of trust and
the reinforced protection afforded to pregnant workers, based on the judgment issued by the
Constitutional Court in Case No. 00297-2020-PA/TC. The study examines the limits of the withdrawal
of trust when its application may canceal acts of discrimination on the grounds of pregnancy. lt also
reviews the regulatory and jurisprudential framework concerning null dismissal due to pregnancy and
the employer's burden of proof to demonstrate an objective cause unrelated to the worker's condition
of pregnancy. lt is cancluded that the constitutional protection of maternity prevails even in positions
of trust when the termination locks objective justification.
</subfield>
  </datafield>
  <datafield tag="650" ind1=" " ind2=" ">
    <subfield code="a">DESPIDO NULO</subfield>
    <subfield code="9">53149</subfield>
  </datafield>
  <datafield tag="650" ind1=" " ind2=" ">
    <subfield code="a">RETIRO DE CONFIANZA</subfield>
    <subfield code="9">53315</subfield>
  </datafield>
  <datafield tag="650" ind1=" " ind2=" ">
    <subfield code="a">NO DISCRIMINACI&#xD3;N LABORAL</subfield>
    <subfield code="9">53316</subfield>
  </datafield>
  <datafield tag="650" ind1=" " ind2=" ">
    <subfield code="a">PROTECCI&#xD3;N DE LA MATERNIDAD</subfield>
    <subfield code="9">53317</subfield>
  </datafield>
  <datafield tag="650" ind1=" " ind2=" ">
    <subfield code="a">JURISPRUDENCIA CONSTITUCIONAL</subfield>
    <subfield code="9">53318</subfield>
  </datafield>
  <datafield tag="650" ind1=" " ind2=" ">
    <subfield code="a">TRABAJADORA GESTANTE</subfield>
    <subfield code="9">53319</subfield>
  </datafield>
  <datafield tag="650" ind1=" " ind2=" ">
    <subfield code="a">NULL DISMISSOL </subfield>
    <subfield code="9">53320</subfield>
  </datafield>
  <datafield tag="650" ind1=" " ind2=" ">
    <subfield code="a">PREGNONT WORKER </subfield>
    <subfield code="9">53321</subfield>
  </datafield>
  <datafield tag="650" ind1=" " ind2=" ">
    <subfield code="a">WITHDROWOL OF TRUST</subfield>
    <subfield code="9">53322</subfield>
  </datafield>
  <datafield tag="650" ind1=" " ind2=" ">
    <subfield code="a">NON-DISCRIMINOTION IN EMPLOYMENT</subfield>
    <subfield code="9">53323</subfield>
  </datafield>
  <datafield tag="650" ind1=" " ind2=" ">
    <subfield code="a">MATERNITY PROTECTION </subfield>
    <subfield code="9">53324</subfield>
  </datafield>
  <datafield tag="650" ind1=" " ind2=" ">
    <subfield code="a">CONSTITUTIONOL JURISPRUDENCE</subfield>
    <subfield code="9">53325</subfield>
  </datafield>
  <datafield tag="773" ind1="0" ind2=" ">
    <subfield code="0">22614</subfield>
    <subfield code="9">22626</subfield>
    <subfield code="d">Lima Grupo Praxis Formaci&#xF3;n Profesional, 2026-</subfield>
    <subfield code="o">PRALAB002</subfield>
    <subfield code="t">Praxis Laboral &amp; Procesal Laboral</subfield>
    <subfield code="w">ESSALUD</subfield>
    <subfield code="x">3119-768X</subfield>
  </datafield>
  <datafield tag="942" ind1=" " ind2=" ">
    <subfield code="c">ARTICULOS</subfield>
    <subfield code="e">2026-07-02</subfield>
    <subfield code="z">SQB</subfield>
  </datafield>
  <datafield tag="999" ind1=" " ind2=" ">
    <subfield code="c">22647</subfield>
    <subfield code="d">22647</subfield>
  </datafield>
</record>
